घराणं तमासगिराचं (Record no. 469045)

MARC details
000 -LEADER
fixed length control field 00522nam a2200145Ia 4500
008 - FIXED-LENGTH DATA ELEMENTS--GENERAL INFORMATION
fixed length control field 100204s9999 xx 000 0 und d
082 ## - DEWEY DECIMAL CLASSIFICATION NUMBER
Item number 23872
100 ## - MAIN ENTRY--PERSONAL NAME
Personal name तासगावकर शशिकांत
245 ## - TITLE STATEMENT
Title घराणं तमासगिराचं
260 ## - PUBLICATION, DISTRIBUTION, ETC. (IMPRINT)
Name of publisher, distributor, etc "ग्रंथाली प्रकाशन , मुंबई"
Date of publication, distribution, etc 1989
300 ## - PHYSICAL DESCRIPTION
Extent 115
630 ## - SUBJECT ADDED ENTRY--UNIFORM TITLE
Uniform title घराणं तमासगिराचं
730 ## - ADDED ENTRY--UNIFORM TITLE
Uniform title घराणं तमासगिराचं
942 ## - ADDED ENTRY ELEMENTS (KOHA)
Koha item type Book
Holdings
Withdrawn status Lost status Damaged status Not for loan Home library Current library Date acquired Cost, normal purchase price Total Checkouts Full call number Barcode Date last seen Cost, replacement price Price effective from Koha item type
        N. C. Kelkar Sarvajanik Library, Mulund N. C. Kelkar Sarvajanik Library, Mulund 10/10/1999 50.00   23872 NCKMULUND-23872 02/04/2010 50.00 02/04/2010 Book